000
00465nam a2200145Ia 4500
008
100204s9999 xx 000 0 und d
082
_b
907
100
_a
जोशी व. कृ.
245
_a
अंधारातील घाव
260
_b
"उदयदीप प्रकाशन , मुंबई"
_c
1978
300
_a
192
630
_a
अंधारातील घाव
730
_a
अंधारातील घाव
942
_c
BOOK
999
_c
446099
_d
446096